| 000 | 00430nam a2200157Ia 4500 | ||
|---|---|---|---|
| 005 | 20250520020319.0 | ||
| 008 | 240331s9999 xx 000 0 und d | ||
| 020 | _a9555991642 | ||
| 082 |
_bVIT _a302 |
||
| 100 | _aVitanage,C | ||
| 245 | 0 | _aChitrapata vidiyo pata saha pawula | |
| 260 |
_aRatmalana _bSarvodaya Vishva Lekha Publication _c1999 |
||
| 300 | _a106 p ., | ||
| 500 | _aFilms , Videos & The Family ( Media) | ||
| 942 | _cL | ||
| 999 |
_c5277 _d5277 |
||